000 00561nam a2200205Ia 4500
005 20250508151313.0
008 008 250505s9999 xx 000 0 eng d
037 _aTextual
040 _aFEDL
_beng
_cFEDL
041 _aeng
_2eng
084 _a150.72, BAR
_qFEDL
100 _aBartley S Howard
245 0 _aBeginning experimental psychology
260 _aNew York, USA
_bMcGraw Hill Book Company
_c1950
300 _aviii,483p
365 _aINR
_b25
650 _aPsychology
942 _cTEXL
_h150.72, BAR
999 _c1328957
_d1328957